Classification and indexing in the social sciences (Record no. 311)

MARC details
000 -LEADER
fixed length control field 00511nam a2200181Ia 4500
020 ## - INTERNATIONAL STANDARD BOOK NUMBER
ISBN 0 408 706449
082 ## - DEWEY DECIMAL CLASSIFICATION NUMBER
Classification number 025.463 FOS-;
100 ## - MAIN ENTRY--AUTHOR NAME
Personal name Foskett, D.J.
245 #0 - TITLE STATEMENT
Title Classification and indexing in the social sciences
250 ## - EDITION STATEMENT
Edition statement 2nd.
260 ## - PUBLICATION, DISTRIBUTION, ETC. (IMPRINT)
Place of publication London
Name of publisher Butterworths
Year of publication 1963
300 ## - PHYSICAL DESCRIPTION
Number of Pages 202p.
504 ## - BIBLIOGRAPHY, ETC. NOTE
Bibliography, etc Includes index
650 ## - SUBJECT ADDED ENTRY--TOPICAL TERM
Topical Term Information storage and retrieval systems - Social sciences
650 ## - SUBJECT ADDED ENTRY--TOPICAL TERM
Topical Term Social sciences - Classification
650 ## - SUBJECT ADDED ENTRY--TOPICAL TERM
Topical Term Social sciences - Indexing
942 ## - ADDED ENTRY ELEMENTS (KOHA)
Koha item type Books
Holdings
Withdrawn status Lost status Damaged status Not for loan Home library Current library Date acquired Full call number Accession Number Price effective from Koha item type
        NASSDOC Library NASSDOC Library 08/06/2004 025.463 FOS-; 8969 18/04/2019 Books